MARC details
| 000 -LEADER |
| campo de control de longitud fija |
01849cam a2200433 i 4500 |
| 001 - NÚMERO DE CONTROL |
| campo de control |
20629182 |
| 003 - IDENTIFICADOR DE NÚMERO DE CONTROL |
| campo de control |
BJBSDDR |
| 005 - FECHA Y HORA DE LA ÚLTIMA TRANSACCIÓN |
| campo de control |
20260114161036.0 |
| 006 - CÓDIGOS DE INFORMACIÓN DE LONGITUD FIJA--CARACTERÍSTICAS DEL MATERIAL ADICIONAL |
| campo de control de longitud fija |
a|||||r|||| 00| 0 |
| 007 - CAMPO FIJO DE DESCRIPCIÓN FÍSICA--INFORMACIÓN GENERAL |
| campo de control de longitud fija |
ta |
| 008 - DATOS DE LONGITUD FIJA--INFORMACIÓN GENERAL |
| campo de control de longitud fija |
180303s2018 enka 001 0 eng c |
| 010 ## - NÚMERO DE CONTROL DE LA BIBLIOTECA DEL CONGRESO |
| Número de control de LC |
2017044932 |
| 020 ## - NÚMERO INTERNACIONAL ESTÁNDAR DEL LIBRO |
| Número Internacional Estándar del Libro |
9781907974465 (pbk. : alk. paper) |
| 020 ## - NÚMERO INTERNACIONAL ESTÁNDAR DEL LIBRO |
| Número Internacional Estándar del Libro |
1907974466 (pbk. : alk. paper) |
| 040 ## - FUENTE DE CATALOGACIÓN |
| Centro catalogador/agencia de origen |
LBSOR/DLC |
| Lengua de catalogación |
eng |
| Centro/agencia transcriptor |
LBSOR |
| Normas de descripción |
rda |
| Centro/agencia modificador |
DLC |
| 041 ## - CÓDIGO DE IDIOMA |
| Código de lengua del texto/banda sonora o título independiente |
eng |
| 042 ## - CÓDIGO DE AUTENTICACIÓN |
| Código de autenticación |
pcc |
| 050 14 - SIGNATURA TOPOGRÁFICA DE LA BIBLIOTECA DEL CONGRESO |
| Número de clasificación |
LB 1042 |
| Número de ítem |
B982d 2018 |
| 082 00 - NÚMERO DE LA CLASIFICACIÓN DECIMAL DEWEY |
| Número de clasificación |
372.67/7 |
| 100 1# - ENTRADA PRINCIPAL--NOMBRE DE PERSONA |
| Nombre de persona |
Banerjee, Abhijit V. |
| Forma completa/desarrollada del nombre |
(Abhijit Vinayak), |
| Fechas asociadas al nombre |
1961- |
| 9 (RLIN) |
24430 |
| 245 10 - MENCIÓN DEL TÍTULO |
| Título |
Do story : |
| Resto del título |
how to tell your story so the world listens / |
| Mención de responsabilidad, etc. |
Bobette Buster. |
| 264 #1 - PRODUCCIÓN, PUBLICACIÓN, DISTRIBUCIÓN, FABRICACIÓN Y COPYRIGHT |
| Producción, publicación, distribución, fabricación y copyright |
[Shoreditch, London] : |
| Nombre del de productor, editor, distribuidor, fabricante |
The Do Book Company, |
| Fecha de producción, publicación, distribución, fabricación o copyright |
2018. |
| 300 ## - DESCRIPCIÓN FÍSICA |
| Extensión |
130 p. : |
| Otras características físicas |
illustrations ; |
| Dimensiones |
18 cm. |
| 336 ## - TIPO DE CONTENIDO |
| Término de tipo de contenido |
text |
| Código de tipo de contenido |
txt |
| Fuente |
rdacontent |
| 337 ## - TIPO DE MEDIO |
| Nombre/término del tipo de medio |
unmediated |
| Código del tipo de medio |
n |
| Fuente |
rdamedia |
| 338 ## - TIPO DE SOPORTE |
| Nombre/término del tipo de soporte |
volume |
| Código del tipo de soporte |
nc |
| Fuente |
rdacarrier |
| 490 0# - MENCIÓN DE SERIE |
| Mención de serie |
Do books series |
| 500 ## - NOTA GENERAL |
| Nota general |
Includes index. |
| 505 0# - NOTA DE CONTENIDO CON FORMATO |
| Nota de contenido con formato |
The craft -- The 10 principles of storytelling -- The tools -- The gleaming detail -- Hand over the spark -- Dare to be vulnerable -- The story behind the story -- Evoke the senses -- So, what's your story? -- Why we need stories. |
| 520 ## - RESUMEN, ETC. |
| Sumario, etc. |
"Do Story, part of the Do Books series delivers practical, useful, and encouraging story-telling guidance to help readers shape and structure well-crafted stories"-- |
| Fuente proveedora |
Provided by the publisher. |
| 650 #0 - PUNTO DE ACCESO ADICIONAL DE MATERIA--TÉRMINO DE MATERIA |
| Término de materia o nombre geográfico como elemento de entrada |
Storytelling |
| Subdivisión de forma |
Handbooks, manuals, etc. |
| 650 #4 - PUNTO DE ACCESO ADICIONAL DE MATERIA--TÉRMINO DE MATERIA |
| Término de materia o nombre geográfico como elemento de entrada |
Arte de contar |
| Subdivisión de forma |
Manuales |
| 9 (RLIN) |
24841 |
| 650 #4 - PUNTO DE ACCESO ADICIONAL DE MATERIA--TÉRMINO DE MATERIA |
| Término de materia o nombre geográfico como elemento de entrada |
Narrativas transmedia |
| 9 (RLIN) |
24842 |
| 650 #4 - PUNTO DE ACCESO ADICIONAL DE MATERIA--TÉRMINO DE MATERIA |
| Término de materia o nombre geográfico como elemento de entrada |
Tiras cómicas, historietas, etc. |
| 9 (RLIN) |
15194 |
| 830 #0 - PUNTO DE ACCESO ADICIONAL DE SERIE-TÍTULO UNIFORME |
| 9 (RLIN) |
24840 |
| Título uniforme |
Do books series |
| 906 ## - ELEMENTOS DE DATOS F LOCAL, LDF (RLIN) |
| a |
7 |
| b |
cbc |
| c |
orignew |
| d |
1 |
| e |
ecip |
| f |
20 |
| g |
y-gencatlg |
| 942 ## - ELEMENTOS DE ENTRADA SECUNDARIOS (KOHA) |
| Fuente del sistema de clasificación o colocación |
Clasificación de Library of Congress |
| Tipo de ítem Koha |
Libro |